000 00980cab a2200241 4500
001 ABS45525
008 090401t1991 xxu||||| |||| 00| 0 eng d
035 _a(Sirsi) u53567
041 _aeng
100 _aFellows, S.
245 _aArbitration and the assignment of causes of action
260 _c1991
350 _a0
490 _aSolicitors` Journal
_v135(46) 29 November 1991, 1292-1293(2)
520 _aLooks at the inclusion of an arbitration clause in a contract. Recent cases have found contracts with an inclusion clause assignable in contrast to "Cottage Club Estates Ltd v Woodside Estates Co Ltd" 1928, which held the clause to be a personal covenant and therefore unassignable.
650 _aARBITRATION CLAUSES
650 _aASSIGNMENT
650 _aCAUSES OF ACTION
650 _aContracts
_96232
690 _aMANAGEMENT-DISPUTE AVOIDANCE, MANAGEMENT AND RESOLUTION-DISPUTE MANAGEMENT AND RESOLUTION-ARBITRATION
942 _n0
948 _c04/03/1997
999 _c33006
_d33006